[Event "Division de Honor Descenso"]
[Site "Aragon"]
[Date "2011.04.10"]
[Round "11.19"]
[White "Naya Sancho Jose Ignacio"]
[Black "Juberias Segura Santiago"]
[Result "1-0"]
[WhiteElo "2124"]
[BlackElo "2055"]

1.d4 Nf6 2.c4 g6 3.Nc3 Bg7 4.e4 d6 5.Be2 O-O 6.Nf3 e5 7.O-O Nc6 8.d5 Ne7 9.Ne1
Nd7 10.Nd3 f5 11.Bd2 f4 12.Bg4 h5 13.Be6+ Kh7 14.f3 Nf6 15.Bxc8 Nxc8 16.c5 Qe7
17.cxd6 cxd6 18.Rc1 Nb6 19.Nb5 Rfc8 20.Qb3 a6 21.Na3 Rxc1 22.Rxc1 Nc8 23.Nc4
Ne8 24.Na5 b5 25.Nc6 Qd7 26.Ba5 Bf6 27.Qc2 h4 28.h3 g5 29.Qf2 Kg6 30.Ndb4 Kh5
31.Rc3 Kg6 32.Kh2 Kh5 33.Qc2 Kh6 34.Nxa6 Qb7 35.Nab4 Nb6 36.Bxb6 Qxb6 37.Qe2
Nc7 38.a3 Kh5 39.Qc2 Ne8 40.Nd3 Kh6 41.Nf2 Kh5 42.Ng4 Kg6 43.Nb4 Qb7 44.Rc6
Bd8 45.Nxe5+ Kh5 46.Ng4 Bf6 47.e5 Bh8 48.exd6 Qd7 49.Nd3 Qh7 50.Nxf4+ 1-0

[Event "Division de Honor Descenso"]
[Site "Aragon"]
[Date "2011.04.10"]
[Round "11.20"]
[White "Arregui Unotria Carlos"]
[Black "Neila Castillo Miguel Angel"]
[Result "1-0"]
[WhiteElo "2038"]
[BlackElo "2082"]

1.d4 Nf6 2.c4 c5 3.d5 e6 4.Nc3 exd5 5.cxd5 d6 6.e4 g6 7.f3 Bg7 8.Be3 O-O 9.
Nge2 b6 10.Ng3 Ba6 11.Bxa6 Nxa6 12.Qe2 Nc7 13.a4 a6 14.O-O Qd7 15.Rfd1 h5 16.
a5 bxa5 17.e5 dxe5 18.Bxc5 Rfe8 19.Nge4 Nb5 20.Na4 Qb7 21.Nb6 Rad8 22.Qc4 Nd7
23.Nxd7 Rxd7 24.Rxa5 Kh8 25.b4 Rc8 26.d6 Bf8 27.Qd5 Qxd5 28.Rxd5 f5 29.Nf6
Rxd6 30.Bxd6 Nxd6 31.Rxa6 Nc4 32.Rd7 Bg7 33.Nd5 e4 34.Rxg6 Bd4+ 35.Kf1 Ra8 36.
Rh6+ Kg8 37.Ne7+ Kf8 38.Ng6+ Kg8 39.Rxd4 Ra1+ 40.Kf2 1-0

[Event "Division de Honor Descenso"]
[Site "Aragon"]
[Date "2011.04.10"]
[Round "11.21"]
[White "Laliena Solares Luis"]
[Black "Villuendas Valero Adrian"]
[Result "1-0"]
[WhiteElo "2208"]
[BlackElo "2266"]

1.d4 {299MB, Eco2008.ctg, ASUS X51R
} 1...d5 2.Bf4 Nf6 3.e3 c5 4.c3 Nc6 5.Nd2 Bf5 6.Qb3 Qd7 7.Ngf3 e6 8.Ne5 Nxe5
9.dxe5 c4 10.Nxc4 dxc4 11.Bxc4 O-O-O 12.exf6 Qd2+ 13.Kf1 gxf6 14.h3 e5 15.Bg3
Bc2 16.Qb5 Rg8 17.Kg1 Rxg3 18.fxg3 Bh6 19.Kh2 Bxe3 20.Be2 Qd5 21.Rhf1 Qxb5 22.
Bxb5 f5 23.Rae1 f4 24.gxf4 exf4 25.Bc4 Be4 26.g3 fxg3+ 27.Kxg3 Rg8+ 28.Kh4
Bg5+ 29.Kh5 1-0

[Event "Division de Honor Descenso"]
[Site "Aragon"]
[Date "2011.04.10"]
[Round "11.22"]
[White "Valiente Roy Jose Javier"]
[Black "Latorre Abad Fernando"]
[Result "1-0"]
[WhiteElo "2092"]
[BlackElo "2100"]

1.Nf3 g6 2.c4 Bg7 3.Nc3 d6 4.g3 e5 5.Bg2 Nc6 6.O-O f5 7.d3 Nf6 8.Rb1 O-O 9.b4
h6 10.b5 Ne7 11.Nd2 g5 12.Qb3 Kh7 13.Ba3 Rb8 14.c5 Ng6 15.cxd6 cxd6 16.Nd5
Nxd5 17.Qxd5 Rf6 18.Rbc1 Bf8 19.Qc4 Be6 20.Bd5 Bxd5 21.Qxd5 Be7 22.Bb4 Nf8 23.
e3 Ne6 24.a4 Qd7 25.Nc4 Nf8 26.Nxe5 dxe5 27.Qxd7 Nxd7 28.Bxe7 Re6 29.Bb4 Nb6
30.a5 Nd5 31.Ba3 Kg6 32.e4 fxe4 33.dxe4 Nf6 34.f3 g4 35.Kg2 gxf3+ 36.Kxf3 Rd8
37.Rfd1 Rxd1 38.Rxd1 a6 39.bxa6 Rxa6 40.Bb4 Rc6 41.Rd6 Rc4 42.Rb6 Kh5 43.Rxf6
Rxb4 44.Rf5+ Kg6 45.Rxe5 Rb2 46.h4 Rb1 47.Re6+ Kh5 48.Rb6 Rf1+ 49.Kg2 Ra1 50.
Kh3 Rh1+ 51.Kg2 Ra1 52.Kf3 Rxa5 53.Rxb7 Rf5+ 54.Ke3 Rf6 55.e5 Ra6 56.Ke4 Ra4+
57.Kd5 Kg4 58.Rg7+ Kf5 59.g4+ Kf4 60.e6 1-0

[Event "Division de Honor Descenso"]
[Site "Aragon"]
[Date "2011.04.10"]
[Round "11.23"]
[White "Cobo Garrido Diego Israel"]
[Black "Cantin Zaborras Valentin"]
[Result "1/2-1/2"]
[WhiteElo "2032"]
[BlackElo "2085"]

1.e4 e5 2.Nf3 Nc6 3.Bb5 a6 4.Bxc6 dxc6 5.d4 exd4 6.Nxd4 c5 7.Nb3 Qxd1+ 8.Kxd1
Be6 9.Bg5 f6 10.Be3 O-O-O+ 11.Kc1 b6 12.Nc3 Ne7 13.Rd1 f5 14.Rxd8+ Kxd8 15.f3
g6 16.Nd2 Bg7 17.Ne2 Nc6 18.Ng3 fxe4 19.Ngxe4 Re8 20.c3 Ne5 21.Bg5+ Kc8 22.Kc2
Nd7 23.Re1 h6 24.Bf4 g5 25.Bg3 Bf5 26.Kc1 Ne5 27.Bxe5 Rxe5 28.Nc4 Re6 29.g4
Bg6 30.Ned6+ Kd7 31.Ne4 Kc6 32.Kd2 Re8 33.Nf2 Rxe1 34.Kxe1 b5 35.Ne3 b4 36.Kd2
Bb1 37.a3 bxa3 38.bxa3 Kb5 39.Kc1 Bg6 40.Kb2 c4 41.Ne4 Bf7 42.Ka2 Bf8 43.Nd2
Bd6 44.h3 Bf4 45.Ndf1 Bd6 46.Nd2 Bf4 47.Ndf1 Bd6 48.Nd2 Bf4 1/2-1/2

[Event "Division de Honor Descenso"]
[Site "Aragon"]
[Date "2011.04.10"]
[Round "11.24"]
[White "Pueyo Marina Gerardo"]
[Black "Sanz Lopez R"]
[Result "1/2-1/2"]
[WhiteElo "1903"]
[BlackElo "1935"]

1.d4 Nf6 2.Nf3 g6 3.Bg5 Bg7 4.Nbd2 d6 5.e4 O-O 6.c3 Nbd7 7.Bd3 c5 8.O-O Re8 9.
Re1 a6 10.e5 dxe5 11.dxe5 Ng4 12.e6 fxe6 13.Qe2 Nge5 14.Rad1 Nxd3 15.Qxd3 Nf6
16.Qe3 Nd5 17.Qxc5 Bd7 18.Ne4 Rc8 19.Qa3 Qc7 20.Nd4 h6 21.Be3 Kh7 22.Nb3 Bc6
23.Nbc5 Bd7 24.Nxd7 Qxd7 25.Nc5 Qc6 26.Bd4 e5 1/2-1/2

[Event "Division de Honor Descenso"]
[Site "Aragon"]
[Date "2011.04.10"]
[Round "11.25"]
[White "Bayod Rubia Angel"]
[Black "Gavin Roche Enrique"]
[Result "1/2-1/2"]
[WhiteElo "2053"]
[BlackElo "2241"]

1.e4 e6 2.d4 d5 3.exd5 exd5 4.Bd3 Bd6 5.Qe2+ Qe7 6.Qxe7+ Nxe7 7.Nf3 Nbc6 8.c3
O-O 9.O-O Bf5 10.Bxf5 Nxf5 11.b3 Rfe8 12.Ba3 f6 13.Bxd6 Nxd6 14.Nbd2 Ne4 15.
Nxe4 Rxe4 16.Rfe1 Rae8 17.Kf1 Kf7 18.Nd2 Rxe1+ 19.Rxe1 Rxe1+ 20.Kxe1 b5
1/2-1/2

[Event "Division de Honor Descenso"]
[Site "Aragon"]
[Date "2011.04.10"]
[Round "11.26"]
[White "Lopez Guaita Fernando"]
[Black "Bailo Remacha Santiago"]
[Result "1/2-1/2"]
[WhiteElo "2032"]
[BlackElo "2044"]

1.e4 c5 2.Nf3 d6 3.Bb5+ Bd7 4.Bxd7+ Nxd7 5.O-O Ngf6 6.Re1 e6 7.c3 Be7 8.d4
cxd4 9.cxd4 O-O 10.Nc3 Qb6 11.b3 1/2-1/2

[Event "Division de Honor Descenso"]
[Site "Aragon"]
[Date "2011.04.10"]
[Round "11.27"]
[White "Galve Guinea Alejandro"]
[Black "Ferrer Echevarri Javier"]
[Result "1/2-1/2"]
[WhiteElo "2032"]
[BlackElo "1959"]

1.d4 Nf6 2.c4 e6 3.Nf3 b6 4.a3 Bb7 5.Nc3 d5 6.cxd5 exd5 7.g3 Be7 8.Bg2 O-O 9.
O-O Nbd7 10.Bf4 a6 1/2-1/2

[Event "Division de Honor Descenso"]
[Site "Aragon"]
[Date "2011.04.10"]
[Round "11.29"]
[White "Gil Capape MA"]
[Black "Fernandez Rubio Rafael"]
[Result "1-0"]
[WhiteElo "2061"]
[BlackElo "2054"]

1.e4 d6 2.d4 Nf6 3.Nc3 e5 4.dxe5 dxe5 5.Qxd8+ Kxd8 6.Bc4 Be6 7.Bxe6 fxe6 8.f3
c6 9.Nh3 h6 10.Nf2 Kc7 11.Nd3 Nbd7 12.b3 Bd6 13.Bb2 Rad8 14.O-O-O a6 15.Ne2 g5
16.c4 c5 17.Rd2 g4 18.Rhd1 gxf3 19.gxf3 Rde8 20.Nf2 Be7 21.f4 exf4 22.e5 f3
23.Nf4 Nd5 24.Nxe6+ Kc8 25.cxd5 Rhg8 26.Rd3 Rg2 27.Rxf3 Rxh2 28.Ng4 Rg2 29.Nf6
Rh8 30.Nxd7 Kxd7 31.Nf4 Bg5 32.e6+ 1-0

[Event "Division de Honor Descenso"]
[Site "Aragon"]
[Date "2011.04.10"]
[Round "11.30"]
[White "Sierra Aguerri Joaquin"]
[Black "Alonso Fernandez Revuelta Rodri"]
[Result "1-0"]
[WhiteElo "2051"]
[BlackElo "2037"]

1.e4 e6 2.d4 d5 3.e5 c5 4.c3 Qb6 5.a3 Nc6 6.Nf3 cxd4 7.cxd4 f6 8.Bd3 Bd7 9.O-O
f5 10.Nc3 Nge7 11.h4 h5 12.Na4 Qc7 13.b4 a6 14.Nc5 Ng6 15.Bg5 Bxc5 16.bxc5 Nd8
17.Rb1 Nf7 18.Rb6 Bc6 19.Qe2 Nh6 20.Rfb1 O-O 21.Nd2 Ng4 22.Nb3 Ne7 23.Na5 Nc8
24.Nxc6 bxc6 25.Rb7 Qa5 26.f3 Nh6 27.Bxh6 gxh6 28.f4 Rf7 29.Rxf7 Kxf7 30.Qxh5+
Ke7 31.Rb7+ Kd8 32.Qf7 Qe1+ 33.Bf1 Qe3+ 34.Kh1 1-0

[Event "Division de Honor Descenso"]
[Site "Aragon"]
[Date "2011.04.10"]
[Round "11.31"]
[White "Carraminana Lopez Luis Antonio"]
[Black "Vera Jimenez Andres"]
[Result "1-0"]
[WhiteElo "2067"]
[BlackElo "2006"]

1.e4 d6 2.d4 Nf6 3.Nc3 e5 4.Nf3 Nbd7 5.Bc4 Be7 6.O-O O-O 7.Re1 c6 8.a4 b6 9.
Bg5 Bb7 10.Bxf6 Bxf6 11.d5 c5 12.Qd3 a6 13.Ne2 g6 14.c3 Bg7 15.Ng3 h5 16.Nf1
f5 17.N1d2 f4 18.b4 Qf6 19.Reb1 g5 20.a5 b5 21.Bxb5 axb5 22.Qxb5 Bc8 23.a6 Qd8
24.Nc4 Qc7 25.Nfd2 Rb8 26.Qc6 Qa7 27.b5 Nb6 28.Qxd6 Rf6 29.Qxe5 Nxc4 30.Nxc4
Rxa6 31.Qe8+ Bf8 32.bxa6 Rxb1+ 33.Rxb1 Qxa6 34.Ne5 Qf6 35.Qxc8 Qxe5 1-0

[Event "Division de Honor Descenso"]
[Site "Aragon"]
[Date "2011.04.10"]
[Round "11.32"]
[White "Sancho Casale Jesus"]
[Black "Galvez Perez Jose Luis"]
[Result "1-0"]
[WhiteElo "1932"]
[BlackElo "1972"]

1.c4 e5 2.Nc3 Nc6 3.Nf3 Nf6 4.g3 Bb4 5.Nd5 O-O 6.a3 Bc5 7.b4 Bxf2+ 8.Kxf2 e4
9.Bb2 Ng4+ 10.Kg2 exf3+ 11.exf3 Nh6 12.Bd3 Ne7 13.Nf6+ gxf6 14.Bxf6 d6 15.Re1
Re8 16.g4 Be6 17.Qc2 Qd7 18.Bxh7+ Kf8 19.Qc3 Neg8 20.Bg7+ Ke7 21.g5 Kd8 22.
gxh6 c6 23.Bxg8 1-0

[Event "Preferente Fase Ascenso"]
[Site "Zaragoza"]
[Date "2011.04.10"]
[Round "11.33"]
[White "Colas Longares Rafael P"]
[Black "Salamero Pelay Fernando"]
[Result "1-0"]
[WhiteElo "2302"]
[BlackElo "2130"]

1.e4 e6 2.d3 d5 3.Nd2 c5 4.Ngf3 Nc6 5.g3 g6 6.Bg2 Bg7 7.O-O Nge7 8.Re1 Qc7 9.
exd5 Nxd5 10.Ne4 Nd4 11.c4 Ne7 12.Nxd4 cxd4 13.Qa4+ Kf8 14.Qa3 h6 15.Nd6 f6
16.Bf4 e5 17.Bd2 a5 18.f4 Ra6 19.fxe5 fxe5 20.Rf1+ Kg8 21.Nxc8 Nxc8 22.Bd5+
Kh7 23.Rf7 Qd6 24.Bxb7 Ra7 25.c5 Qe6 26.Qb3 Qe8 27.Raf1 Ne7 28.Be4 Ra6 29.Qb7
1-0

[Event "Preferente Fase Ascenso"]
[Site "Zaragoza"]
[Date "2011.04.10"]
[Round "11.34"]
[White "Gella Bitrian Diego"]
[Black "Garcia Vicente Nieves"]
[Result "1/2-1/2"]
[WhiteElo "1973"]
[BlackElo "2220"]

1.e4 e5 2.Bc4 Nf6 3.d3 c6 4.Nf3 d5 5.Bb3 Bb4+ 6.Bd2 Bxd2+ 7.Nbxd2 Nbd7 8.O-O
O-O 9.Re1 Qc7 10.d4 exd4 11.exd5 c5 12.c3 b5 13.cxd4 Bb7 14.Ne5 c4 15.Bc2 Bxd5
16.Ne4 Nxe4 17.Bxe4 Bxe4 18.Rxe4 Rae8 19.Qe2 Nf6 20.Re3 Nd5 21.Re4 Re6 22.Re1
Rfe8 23.Qc2 Nb4 24.Qc3 Nd3 25.R1e3 b4 26.Qc2 Nxe5 27.dxe5 Rc8 28.f4 Qc5 29.Kh1
Ree8 30.f5 c3 31.bxc3 bxc3 32.e6 fxe6 33.fxe6 Re7 34.Rh4 g6 35.Rhh3 Qd5 36.
Rxc3 Rxc3 37.Rxc3 Qxe6 38.Rc8+ Re8 39.Rxe8+ Qxe8 40.h3 Qe1+ 41.Kh2 Qe5+ 42.Kh1
Qe1+ 1/2-1/2

[Event "Preferente Fase Ascenso"]
[Site "Zaragoza"]
[Date "2011.04.10"]
[Round "11.35"]
[White "Cabrera Moreno Daniel"]
[Black "Bellosta Lopez Pablo"]
[Result "1-0"]
[WhiteElo "2193"]
[BlackElo "1948"]

1.d4 d5 2.c4 c6 3.Nf3 e6 4.Qc2 Nf6 5.g3 dxc4 6.Qxc4 b5 7.Qc2 Bb7 8.Bg2 Nbd7 9.
O-O Rc8 10.Nc3 Qb6 11.e4 c5 12.d5 exd5 13.Nxd5 Nxd5 14.exd5 Bxd5 15.Re1+ Be6
16.Ng5 Be7 17.Nxh7 Nf8 18.Ng5 Qd8 19.Rd1 Qb6 20.Bf4 Rh5 21.Ne4 Bf5 22.Qe2 Bxe4
23.Qxh5 Bg6 24.Qd5 Ne6 25.Qd7+ 1-0

[Event "Preferente Fase Ascenso"]
[Site "Zaragoza"]
[Date "2011.04.10"]
[Round "11.36"]
[White "Biarge Carnicer Arturo"]
[Black "Cid Royo Oscar"]
[Result "1-0"]
[WhiteElo "1911"]
[BlackElo "2083"]

1.e4 c6 2.d4 d5 3.exd5 cxd5 4.c4 Nf6 5.Nf3 Nc6 6.Nc3 e6 7.Bf4 a6 8.a3 Bd6 9.
Bxd6 Qxd6 10.c5 Qe7 11.Qe2 O-O 12.Rd1 Bd7 13.Ne5 Nxe5 14.Qxe5 Bc6 15.Bd3 Nd7
16.Qh5 g6 17.Qe2 e5 18.f4 e4 19.O-O Rfe8 20.Bc2 Nxc5 21.dxc5 Qxc5+ 22.Qf2 e3
23.Qe2 d4 24.Na2 Bb5 25.Bd3 Bxd3 26.Rxd3 Rac8 27.Rfd1 Qc4 28.b3 Qc2 29.Qxc2
Rxc2 30.Nb4 Rb2 31.Rxd4 e2 32.Re1 Rxb3 33.Rd3 Rxd3 34.Nxd3 Re3 35.Nc5 b5 36.
Nxa6 Rxa3 37.Nc7 b4 38.Rxe2 b3 39.Re8+ Kg7 40.Rb8 Ra1+ 41.Kf2 Ra2+ 42.Kg3 b2
43.Ne8+ Kf8 44.Nd6+ Ke7 45.Nc4 Ra4 46.Nxb2 Ra3+ 47.Kg4 h5+ 48.Kh4 Ra2 49.g3
Kf6 50.Rb5 Kg7 51.h3 f6 52.Nd3 Kh6 53.Rb6 Kg7 54.Nc5 Ra5 55.Ne4 Rf5 56.Nd6 Ra5
57.Ne8+ Kh6 58.Rxf6 Ra4 59.Re6 Rb4 60.Nc7 Ra4 61.Nd5 1-0

[Event "Preferente Fase Ascenso"]
[Site "Zaragoza"]
[Date "2011.04.10"]
[Round "11.38"]
[White "Sanmartin Agustin Alvaro"]
[Black "Aparicio Navarro Pedro Jose"]
[Result "1/2-1/2"]
[WhiteElo "1994"]
[BlackElo "2179"]

1.e4 c5 2.Nf3 Nc6 3.d4 cxd4 4.Nxd4 g6 5.Nc3 Bg7 6.Be3 Nf6 7.Bc4 O-O 8.Bb3 d6
9.h3 Bd7 10.O-O Nxd4 11.Bxd4 Bc6 12.Bd5 e5 13.Be3 Bxd5 14.exd5 a6 15.a4 Rc8
16.a5 Rc4 17.Qd3 Qc7 18.Bb6 Qc8 19.Ra4 Rxa4 20.Nxa4 Nd7 21.c4 f5 22.c5 e4 23.
Qb3 dxc5 24.d6+ c4 25.Qb4 Qc6 26.Rc1 Be5 27.Bc7 Rf6 28.Rd1 e3 29.fxe3 Qe4 30.
Qd2 f4 31.exf4 Bxf4 32.Qd5+ Qxd5 33.Rxd5 Kf7 34.Nc3 Ke6 35.Rd1 Rf5 36.Ne2 Be3+
37.Kh2 Bc5 38.Nd4+ Bxd4 39.Rxd4 Rc5 40.Re4+ Kd5 41.Re7 Kc6 42.Rxh7 Rb5 43.Rh4
Kd5 44.Rh7 Kc6 1/2-1/2

[Event "Preferente Fase Ascenso"]
[Site "Zaragoza"]
[Date "2011.04.10"]
[Round "11.39"]
[White "Munoz Munoz Juan Carlos"]
[Black "Sacristan Latorre Alberto"]
[Result "1-0"]
[WhiteElo "2103"]
[BlackElo "1959"]

1.e4 c5 2.Nc3 Nc6 3.g3 g6 4.Bg2 Bg7 5.d3 d6 6.f4 e6 7.Nf3 Nge7 8.O-O O-O 9.Be3
Nd4 10.e5 Nef5 11.Bf2 Nxf3+ 12.Qxf3 Nd4 13.Qd1 dxe5 14.fxe5 Bxe5 15.Ne4 f5 16.
Nxc5 Qc7 17.b4 Rb8 18.c3 Nb5 19.d4 Bg7 20.Qb3 Re8 21.Rfe1 Qd6 22.Be3 Kh8 23.
Bf4 e5 24.dxe5 Bxe5 25.Qf7 Be6 26.Qxe8+ 1-0

[Event "Preferente Fase Ascenso"]
[Site "Zaragoza"]
[Date "2011.04.10"]
[Round "11.40"]
[White "Gomez Salinas Nestor"]
[Black "Prat Guisado Christian"]
[Result "1-0"]
[WhiteElo "1845"]
[BlackElo "2055"]

1.e4 c6 2.d4 d5 3.Nc3 dxe4 4.Nxe4 Nd7 5.Nf3 Ngf6 6.Ng3 e6 7.Bd3 Bd6 8.c3 O-O
9.Qc2 h6 10.O-O Qc7 11.Ne4 Nxe4 12.Bxe4 Nf6 13.Bd3 c5 14.dxc5 Bxc5 15.h3 b6
16.Be4 Bb7 17.Bxb7 Qxb7 18.Re1 Rfd8 19.Be3 Bxe3 20.Rxe3 Rac8 21.Rd1 Rd5 22.
Red3 Rcd8 23.c4 Rxd3 24.Rxd3 Rxd3 25.Qxd3 Qd7 26.Qxd7 Nxd7 27.Nd4 Ne5 28.Nb5
Nxc4 29.b3 Ne5 30.Nxa7 Kf8 31.Nc8 b5 32.Kf1 Nd3 33.a3 Nc5 34.Nd6 Nxb3 35.Nxb5
Ke7 36.Ke2 Nc5 37.Ke3 e5 38.Nc3 f5 39.a4 Ke6 40.f4 e4 41.Kd4 Kd6 42.Nb5+ Kc6
43.Ke5 Nxa4 44.Nd4+ Kd7 45.Nxf5 g6 46.Ne3 Nc5 47.Kf6 Nd3 48.g3 Nf2 49.Kxg6
Nxh3 50.Kxh6 Ke6 51.Kg7 Ke7 52.f5 Ng5 53.g4 Kd6 54.Kg6 Nf3 55.Kf6 Ne5 56.g5
Nd7+ 57.Kg7 Ne5 58.g6 Nd7 59.Kh8 Ke5 60.g7 Nf6 61.g8=Q Nxg8 62.Kxg8 1-0